000 00681nam a2200193 a 4500
003 CBULib
005 20240508085011.0
008 081014s2007 ||||||||||||||||| || u
040 _aCBULib
_bEnglish
_cCBULib
_dCBUlib
_erda
050 _aUN-ECE(02)2007/5
245 0 0 _aRecommendations on payments for ecosystem services in integrated water resources management
_c/by United Nations
260 _aNew York
_bUNITED NATIONS
_c2007
300 _avii, 51p. :ill.
336 _2rdacontent
_aText |
_btxt
337 _2rdamedia
_aUnmediated |
_bn
338 _2rdacarrier
_aVolume
_bnc
942 _2lcc
_c029
999 _c55762
_d55762